[Event "NOR-chT Clubs"]
[Site "Drammen"]
[Date "2022.05.26"]
[Round "4"]
[White "Byklum, Bjornar"]
[Black "Perkampus, Laurin"]
[Result "1/2-1/2"]
[WhiteElo "2323"]
[BlackElo "2061"]
[PlyCount "63"]
[EventDate "2022.05.26"]
[EventType "team-swiss"]
[EventRounds "6"]
[EventCountry "NOR"]
[SourceTitle "EXT 2024"]
[Source "ChessBase"]
[SourceDate "2023.10.10"]
[SourceVersion "1"]
[SourceVersionDate "2023.10.10"]
[SourceQuality "1"]
[WhiteTeam "SOSS"]
[BlackTeam "Offerspill Washed up"]
[WhiteTeamCountry "NOR"]
[BlackTeamCountry "NOR"]

1. d4 d5 2. c4 dxc4 3. Nf3 Nf6 4. e3 e6 5. Bxc4 a6 6. 0-0 c5 7. b3 cxd4 8. Nxd4 Be7 9. Bb2 0-0 10. Nd2 b5 11. Be2 Bb7 12. Bf3 Bxf3 13. N2xf3 Qb6 14. Rc1 Ra7 15. Ne5 Rc7 16. Qf3 Rfc8 17. Rxc7 Rxc7 18. g3 Bd6 19. Ng4 Nxg4 20. Qxg4 Be5 21. Qe4 Bf6 22. Rd1 Rd7 23. Rc1 Rc7 24. Rd1 Rd7 25. Kg2 Nc6 26. Nxc6 Rxd1 27. Bxf6 gxf6 28. Qg4+ Kf8 29. Qxd1 Qxc6+ 30. Qf3 Qc2 31. Qxf6 Qxa2 32. Qd8+ 1/2-1/2

[Event "NOR-chT Elite 1920"]
[Site "Norway"]
[Date "2020.03.06"]
[Round "7.5"]
[White "Byklum, Bjornar"]
[Black "Lund, Gunnar"]
[Result "1/2-1/2"]
[WhiteElo "2329"]
[BlackElo "2288"]
[PlyCount "108"]
[EventDate "2019.11.01"]
[EventType "team-tourn"]
[EventRounds "9"]
[EventCountry "NOR"]
[SourceTitle "CBM 195 Extra"]
[Source "ChessBase"]
[SourceDate "2020.05.31"]
[SourceVersion "1"]
[SourceVersionDate "2020.05.31"]
[SourceQuality "1"]
[WhiteTeam "SOSS"]
[BlackTeam "Tromsoe"]
[WhiteTeamCountry "NOR"]
[BlackTeamCountry "NOR"]

1. d4 d6 2. e4 Nf6 3. f3 Nbd7 4. c4 e5 5. d5 Be7 6. Be3 0-0 7. Qd2 Ne8 8. Nc3 g6 9. 0-0-0 f5 10. exf5 gxf5 11. g4 Kh8 12. Kb1 Nc5 13. h3 Rg8 14. Nge2 Bd7 15. Ng3 Bg5 16. Bxg5 Qxg5 17. Qxg5 Rxg5 18. b4 Na4 19. Nxa4 Bxa4 20. Rd2 Bd7 21. Bd3 Ng7 22. h4 Rg6 23. h5 Rg5 24. h6 Ne8 25. Nxf5 Nf6 26. Rh4 a5 27. b5 b6 28. Re2 Rf8 29. Ng3 Be8 30. Kc2 Bd7 31. Kd2 Be8 32. Ke3 Bd7 33. a4 Be8 34. Re1 Bd7 35. Reh1 Be8 36. Bf5 Bd7 37. Ne4 Nxe4 38. fxe4 Bxf5 39. exf5 Kg8 40. Kf3 Kf7 41. Rh5 Kf6 42. Rxg5 Kxg5 43. Kg3 Re8 44. Rh2 Rf8 45. Kf3 Rg8 46. Ke4 Kf6 47. Kf3 Kg5 48. Kg3 Re8 49. Rh1 Rf8 50. Rh3 Re8 51. Rh5+ Kf6 52. Kf3 Rg8 53. Rh1 Kg5 54. Rh5+ Kf6 1/2-1/2

[Event "NOR-ch rapid"]
[Site "Sandefjord"]
[Date "2017.01.08"]
[Round "10"]
[White "Byklum, Bjornar"]
[Black "Hobber, Anders"]
[Result "1/2-1/2"]
[WhiteElo "2309"]
[BlackElo "2322"]
[PlyCount "41"]
[EventDate "2017.01.07"]
[EventType "swiss (rapid)"]
[EventRounds "10"]
[EventCountry "NOR"]
[SourceTitle "CBM 176 Extra"]
[Source "ChessBase"]
[SourceDate "2017.03.02"]
[SourceVersion "1"]
[SourceVersionDate "2017.03.02"]
[SourceQuality "1"]

1. d4 d5 2. c4 c6 3. Nf3 Nf6 4. e3 Bf5 5. Nc3 e6 6. Nh4 Bg6 7. Nxg6 hxg6 8. g3 Nbd7 9. Qe2 Bd6 10. Bg2 0-0 11. 0-0 Re8 12. Rd1 Qe7 13. e4 dxe4 14. Nxe4 Nxe4 15. Qxe4 Nf6 16. Qc2 Qc7 17. b3 Qa5 18. Bb2 Ba3 19. Bc3 Bb4 20. Bb2 Ba3 21. Bc3 1/2-1/2

[Event "NOR-ch rapid"]
[Site "Sandefjord"]
[Date "2017.01.08"]
[Round "9"]
[White "Byklum, Bjornar"]
[Black "Mihajlov, Sebastian"]
[Result "1-0"]
[WhiteElo "2309"]
[BlackElo "2384"]
[PlyCount "68"]
[EventDate "2017.01.07"]
[EventType "swiss (rapid)"]
[EventRounds "10"]
[EventCountry "NOR"]
[SourceTitle "CBM 176 Extra"]
[Source "ChessBase"]
[SourceDate "2017.03.02"]
[SourceVersion "1"]
[SourceVersionDate "2017.03.02"]
[SourceQuality "1"]

1. d4 Nf6 2. c4 g6 3. Nc3 Bg7 4. e4 d6 5. h3 0-0 6. Bg5 c5 7. d5 h6 8. Be3 e6 9. Nf3 exd5 10. cxd5 Re8 11. Bd3 Nxe4 12. Nxe4 f5 13. Nc3 f4 14. Bxg6 Re7 15. Qd2 fxe3 16. fxe3 Nd7 17. 0-0 Ne5 18. Nxe5 Rxe5 19. Rf3 Qg5 20. Bc2 Bf5 21. Bxf5 Rxf5 22. Ne4 Rxd5 23. Qc2 Qe5 24. Nc3 Qe6 25. Nxd5 Qxd5 26. Qg6 Qd2 27. Qe6+ Kh8 28. Rf2 Qd3 29. Raf1 b5 30. Rf7 Rg8 31. R1f6 Qd1+ 32. Kh2 Qh5 33. g4 Qh4 34. Rxg7 Qg5 1-0

[Event "NOR-ch rapid"]
[Site "Sandefjord"]
[Date "2017.01.08"]
[Round "8"]
[White "Hammer, Jon Ludvig"]
[Black "Byklum, Bjornar"]
[Result "1-0"]
[WhiteElo "2628"]
[BlackElo "2309"]
[PlyCount "153"]
[EventDate "2017.01.07"]
[EventType "swiss (rapid)"]
[EventRounds "10"]
[EventCountry "NOR"]
[SourceTitle "CBM 176 Extra"]
[Source "ChessBase"]
[SourceDate "2017.03.02"]
[SourceVersion "1"]
[SourceVersionDate "2017.03.02"]
[SourceQuality "1"]

1. d4 Nf6 2. c4 e6 3. Nf3 d5 4. g3 Be7 5. Bg2 0-0 6. 0-0 dxc4 7. Ne5 c5 8. dxc5 Qc7 9. Nxc4 Qxc5 10. b3 Rd8 11. Nbd2 Qc7 12. Bb2 Nc6 13. Rc1 Bd7 14. Ne5 Qa5 15. Nd3 Be8 16. a3 Qh5 17. b4 a5 18. Bf3 Qh3 19. Bg2 Qh5 20. Bf3 Qh3 21. b5 Nd4 22. a4 Ng4 23. Bxg4 Qxg4 24. Bxd4 Rxd4 25. Nf3 Rd5 26. Qb3 Rad8 27. Rc4 Qf5 28. Nf4 Rc5 29. e4 Qf6 30. e5 Qf5 31. Rxc5 Bxc5 32. Rd1 Rxd1+ 33. Qxd1 b6 34. h3 h6 35. Qd3 Kf8 36. Kf1 g6 37. Ke2 Ke7 38. Qxf5 gxf5 39. Nd3 Ba3 40. Nd2 Kd8 41. Nc4 Be7 42. Nxb6 f6 43. Nc4 Bh5+ 44. f3 fxe5 45. Ndxe5 Kc7 46. g4 Be8 47. Nxa5 Kd6 48. Nd3 Kd5 49. Nc6 Bd6 50. gxf5 exf5 51. a5 Kc4 52. a6 Kxb5 53. Nd4+ Kxa6 54. Nxf5 Bf8 55. Ne5 Kb5 56. Kd3 Kc5 57. Ke4 Ba4 58. Ng6 Bd6 59. Nxd6 Kxd6 60. Ne5 Ke6 61. Ng4 h5 62. Ne3 Kf6 63. h4 Bc6+ 64. Kf4 Kg6 65. Nc4 Bb7 66. Nd6 Bc6 67. Ne4 Bb7 68. Ke5 Bc8 69. Nd6 Bd7 70. f4 Ba4 71. f5+ Kg7 72. Ke6 Bb3+ 73. Ke7 Ba2 74. Ne8+ Kh6 75. Nc7 Bb1 76. f6 Ba2 77. Ne6 1-0

[Event "NOR-ch rapid"]
[Site "Sandefjord"]
[Date "2017.01.07"]
[Round "6"]
[White "Byklum, Bjornar"]
[Black "Kaasen, Tor Fredrik"]
[Result "1-0"]
[WhiteElo "2309"]
[BlackElo "2475"]
[PlyCount "85"]
[EventDate "2017.01.07"]
[EventType "swiss (rapid)"]
[EventRounds "10"]
[EventCountry "NOR"]
[SourceTitle "CBM 176 Extra"]
[Source "ChessBase"]
[SourceDate "2017.03.02"]
[SourceVersion "1"]
[SourceVersionDate "2017.03.02"]
[SourceQuality "1"]

1. e4 c5 2. Nc3 Nc6 3. Bb5 Nd4 4. Bc4 a6 5. Nge2 Nxe2 6. Qxe2 b5 7. Bd5 Rb8 8. d3 e6 9. Bb3 d6 10. 0-0 Nf6 11. f4 Be7 12. Kh1 0-0 13. e5 Ne8 14. Nd1 d5 15. c3 d4 16. Nf2 Bb7 17. Ne4 Nc7 18. Bd2 Qd7 19. Rad1 Rfd8 20. Rf3 g6 21. Be1 Qc6 22. c4 bxc4 23. Bxc4 Nd5 24. Bd2 Nb6 25. b3 Nxc4 26. bxc4 Qa4 27. g4 Bxe4 28. dxe4 d3 29. Qe1 Qxc4 30. f5 Rd4 31. Rb1 Rc8 32. Rb7 Rxe4 33. Qf1 Re8 34. f6 Bf8 35. Qxd3 Qxd3 36. Rxd3 Rxg4 37. Bc3 Rc4 38. Ra7 Rb8 39. Rxa6 Rb1+ 40. Kg2 Rc1 41. Ra8 Rc2+ 42. Kf1 R4xc3 43. Rxf8+ 1-0

[Event "Goteborg op"]
[Site "Molnlycke"]
[Date "2015.08.16"]
[Round "7"]
[White "Fries Nielsen, Jens Ove"]
[Black "Byklum, Bjornar"]
[Result "0-1"]
[WhiteElo "2434"]
[BlackElo "2283"]
[PlyCount "100"]
[EventDate "2015.08.14"]
[EventType "swiss"]
[EventRounds "8"]
[EventCountry "SWE"]
[SourceTitle "CBM 167 Extra"]
[Source "ChessBase"]
[SourceDate "2015.09.14"]
[SourceVersion "1"]
[SourceVersionDate "2015.09.14"]
[SourceQuality "1"]

1. e3 g6 2. h4 Nf6 3. g4 d5 4. g5 Ne4 5. d3 Nd6 6. h5 c6 7. hxg6 fxg6 8. Nc3 Bg7 9. Qf3 e5 10. e4 d4 11. Nce2 Nd7 12. Qg3 Nf7 13. Bh3 Qe7 14. Bd2 a5 15. c3 dxc3 16. bxc3 Nc5 17. Bg2 b6 18. Rb1 Ba6 19. Nc1 Rd8 20. c4 Qc7 21. Nge2 Rd6 22. Be3 Qd8 23. 0-0 0-0 24. Nc3 Bc8 25. Rd1 Be6 26. Bf3 Nxd3 27. Bxb6 Qd7 28. c5 Rd4 29. N1e2 Nf4 30. Nxd4 exd4 31. Nd5 Nh3+ 32. Kh1 Nfxg5 33. Bg2 cxd5 34. c6 Qxc6 35. Bxd4 Bxd4 36. Rxd4 Nxf2+ 37. Kg1 Nfxe4 38. Qe3 Kg7 39. Rc1 Qd6 40. Rd3 Qf4 41. Qd4+ Qf6 42. Rc7+ Rf7 43. Rxf7+ Bxf7 44. Qxf6+ Kxf6 45. Ra3 Ke5 46. Rxa5 Kf4 47. a4 d4 48. Rb5 d3 49. Bf1 d2 50. Be2 Bc4 0-1

[Event "NOR-ch"]
[Site "Oslo"]
[Date "2015.07.06"]
[Round "3"]
[White "Nilsen, Joachim Birger"]
[Black "Byklum, Bjornar"]
[Result "1/2-1/2"]
[WhiteElo "2369"]
[BlackElo "2300"]
[PlyCount "26"]
[EventDate "2015.07.04"]
[EventType "swiss"]
[EventRounds "9"]
[EventCountry "NOR"]
[SourceTitle "CBM 167 Extra"]
[Source "ChessBase"]
[SourceDate "2015.09.14"]
[SourceVersion "1"]
[SourceVersionDate "2015.09.14"]
[SourceQuality "1"]

1. c4 e6 2. Nf3 d5 3. g3 dxc4 4. Bg2 a6 5. a4 Nc6 6. Na3 Na5 7. Qc2 Qd5 8. 0-0 Nf6 9. Rd1 Bd7 10. d4 Bc6 11. Bf4 Qd8 12. Nd2 Bxg2 13. Kxg2 Nd5 1/2-1/2

[Event "NOR-chT 1415"]
[Site "Norway"]
[Date "2015.02.07"]
[Round "7.2"]
[White "Byklum, Bjornar"]
[Black "Johannessen, Leif Erlend"]
[Result "1/2-1/2"]
[WhiteElo "2310"]
[BlackElo "2524"]
[PlyCount "71"]
[EventDate "2014.10.31"]
[EventType "team-tourn"]
[EventRounds "11"]
[EventCountry "NOR"]
[SourceTitle "EXT 2016"]
[Source "ChessBase"]
[SourceDate "2015.10.08"]
[SourceVersion "1"]
[SourceVersionDate "2015.10.08"]
[SourceQuality "1"]
[WhiteTeam "SOSS"]
[BlackTeam "Oslo SS"]
[WhiteTeamCountry "NOR"]
[BlackTeamCountry "NOR"]

1. d4 f5 2. c4 Nf6 3. Nc3 e6 4. Nf3 Bb4 5. Bd2 0-0 6. g3 b6 7. Bg2 Bb7 8. 0-0 Qe7 9. a3 Bxc3 10. Bxc3 Ne4 11. Be1 d6 12. Nd2 Nd7 13. f3 Nxd2 14. Qxd2 Nf6 15. Bf2 e5 16. e3 Rae8 17. Rae1 c5 18. b4 Qf7 19. bxc5 bxc5 20. Qa5 Qh5 21. d5 Rf7 22. h3 g5 23. Rb1 Rfe7 24. Qc3 Qg6 25. Rb2 e4 26. fxe4 Nxe4 27. Bxe4 fxe4 28. Be1 Bc8 29. Rf6 Qh5 30. Rxd6 Rf7 31. Rf2 Rxf2 32. Bxf2 Bxh3 33. Qf6 Qd1+ 34. Kh2 Qf1 35. Qxg5+ Kh8 36. Qf6+ 1/2-1/2

[Event "NOR-chT 1415"]
[Site "Norway"]
[Date "2015.01.11"]
[Round "6.6"]
[White "Byklum, Bjornar"]
[Black "Lie, Espen"]
[Result "1/2-1/2"]
[WhiteElo "2310"]
[BlackElo "2420"]
[PlyCount "44"]
[EventDate "2014.10.31"]
[EventType "team-tourn"]
[EventRounds "11"]
[EventCountry "NOR"]
[SourceTitle "EXT 2016"]
[Source "ChessBase"]
[SourceDate "2015.10.08"]
[SourceVersion "1"]
[SourceVersionDate "2015.10.08"]
[SourceQuality "1"]
[WhiteTeam "SOSS"]
[BlackTeam "Asker"]
[WhiteTeamCountry "NOR"]
[BlackTeamCountry "NOR"]

1. d4 Nf6 2. c4 g6 3. Nc3 Bg7 4. e4 d6 5. f4 0-0 6. Nf3 c5 7. dxc5 Qa5 8. Bd3 Qxc5 9. Qe2 Na6 10. Be3 Qa5 11. 0-0 Ng4 12. Bd2 Nc5 13. h3 Nxd3 14. hxg4 Nxb2 15. e5 Na4 16. Nd5 Qd8 17. f5 dxe5 18. Bb4 e6 19. Be7 Qa5 20. Bb4 Qd8 21. Be7 Qa5 22. Bb4 Qd8 1/2-1/2

[Event "NOR-chT 1415"]
[Site "Norway"]
[Date "2014.10.31"]
[Round "1.3"]
[White "Andersen, Alf Roger"]
[Black "Byklum, Bjornar"]
[Result "1/2-1/2"]
[WhiteElo "2167"]
[BlackElo "2310"]
[PlyCount "48"]
[EventDate "2014.10.31"]
[EventType "team-tourn"]
[EventRounds "11"]
[EventCountry "NOR"]
[SourceTitle "EXT 2015"]
[Source "ChessBase"]
[SourceDate "2014.11.20"]
[SourceVersion "1"]
[SourceVersionDate "2014.11.20"]
[SourceQuality "1"]
[WhiteTeam "Oslo Akademisk"]
[BlackTeam "SOSS"]
[WhiteTeamCountry "NOR"]
[BlackTeamCountry "NOR"]

1. e4 c5 2. Nf3 e6 3. d4 cxd4 4. Nxd4 a6 5. Nc3 Qc7 6. Be2 Nf6 7. Bf3 Nc6 8. Nxc6 dxc6 9. 0-0 e5 10. a4 Bc5 11. Bg5 Nd7 12. Ne2 a5 13. Ng3 h6 14. Bd2 Nf6 15. Nh5 Nxh5 16. Bxh5 0-0 17. Bg4 Rd8 18. Bxc8 Qxc8 19. Qe2 Qe6 20. b3 Qe7 21. Rfd1 Bb4 22. Be3 Bc5 23. Bd2 Bb4 24. Be3 Bc5 1/2-1/2

[Event "NOR-chT 1314"]
[Site "Norway"]
[Date "2013.11.02"]
[Round "2.4"]
[White "Hobber, Anders"]
[Black "Byklum, Bjornar"]
[Result "1/2-1/2"]
[WhiteElo "2299"]
[BlackElo "2302"]
[PlyCount "78"]
[EventDate "2013.11.01"]
[EventType "team-tourn"]
[EventRounds "9"]
[EventCountry "NOR"]
[SourceTitle "EXT 2014"]
[Source "ChessBase"]
[SourceDate "2013.11.20"]
[SourceVersion "1"]
[SourceVersionDate "2013.11.20"]
[SourceQuality "1"]
[WhiteTeam "Moss"]
[BlackTeam "SOSS"]
[WhiteTeamCountry "NOR"]
[BlackTeamCountry "NOR"]

1. d4 Nf6 2. Nf3 c5 3. c3 b6 4. Bf4 Bb7 5. e3 g6 6. Be2 Bg7 7. 0-0 d6 8. h3 0-0 9. a4 a6 10. Qb3 Nc6 11. dxc5 bxc5 12. Nbd2 Rb8 13. e4 Qc7 14. Qc2 Nd7 15. Nc4 Nb6 16. Nfd2 Nxc4 17. Nxc4 Na5 18. Rfd1 Nxc4 19. Bxc4 a5 20. Re1 Bc6 21. Rad1 Rb6 22. b3 Bd7 23. Qd3 Be6 24. Bh2 Bxc4 25. Qxc4 e6 26. Rd3 Rd8 27. Red1 Bf8 28. Be5 Be7 29. Bf4 Qb8 30. Rb1 Qb7 31. Rbd1 Qb8 32. Bg3 Rxb3 33. f4 Rb1 34. f5 d5 35. Bxb8 Rxd1+ 36. Rxd1 dxc4 37. Rxd8+ Bxd8 38. fxe6 fxe6 39. Kf2 Kf7 1/2-1/2

[Event "NOR-chT 1213"]
[Site "Norway"]
[Date "2013.04.05"]
[Round "7"]
[White "Byklum, Bjornar"]
[Black "Elsness, Frode"]
[Result "1/2-1/2"]
[WhiteElo "2296"]
[BlackElo "2483"]
[PlyCount "57"]
[EventDate "2012.11.02"]
[EventType "team-tourn"]
[EventRounds "9"]
[EventCountry "NOR"]
[SourceTitle "EXT 2014"]
[Source "ChessBase"]
[SourceDate "2013.11.20"]
[SourceVersion "1"]
[SourceVersionDate "2013.11.20"]
[SourceQuality "1"]
[WhiteTeam "SOSS"]
[BlackTeam "Moss"]
[WhiteTeamCountry "NOR"]
[BlackTeamCountry "NOR"]

1. d4 Nf6 2. c4 e6 3. Nc3 Bb4 4. e3 b6 5. Nge2 c5 6. a3 Ba5 7. Rb1 Na6 8. Bd2 Bb7 9. Nf4 0-0 10. Bd3 cxd4 11. exd4 Bxc3 12. Bxc3 Ne4 13. Qh5 Qf6 14. Qg4 Nxc3 15. bxc3 d6 16. 0-0 e5 17. Nh5 Qh6 18. Ng3 Rad8 19. f4 e4 20. Bc2 Bc8 21. f5 Qe3+ 22. Rf2 Qxc3 23. Nxe4 Qxd4 24. Rd1 Qe5 25. Rd5 Qa1+ 26. Rd1 Qe5 27. Rd5 Qa1+ 28. Rd1 Qe5 29. Rd5 1/2-1/2

[Event "Fagernes Norsk op"]
[Site "Fagernes"]
[Date "2013.03.24"]
[Round "3"]
[White "Byklum, Bjornar"]
[Black "Rozentalis, Eduardas"]
[Result "1/2-1/2"]
[WhiteElo "2296"]
[BlackElo "2616"]
[PlyCount "53"]
[EventDate "2013.03.24"]
[EventType "swiss"]
[EventRounds "9"]
[EventCountry "NOR"]
[SourceTitle "CBM 153 Extra"]
[Source "ChessBase"]
[SourceDate "2013.04.22"]
[SourceVersion "1"]
[SourceVersionDate "2013.04.22"]
[SourceQuality "1"]

1. d4 Nf6 2. c4 e6 3. Nc3 Bb4 4. e3 b6 5. Nge2 Ba6 6. a3 Be7 7. Nf4 0-0 8. b4 d5 9. b5 Bb7 10. cxd5 exd5 11. Bb2 c5 12. Be2 cxd4 13. Qxd4 Bc5 14. Qd2 d4 15. exd4 Qxd4 16. Qxd4 Bxd4 17. Rd1 Be5 18. Nd3 Bc7 19. Nb4 Nbd7 20. Ncd5 Nxd5 21. Nxd5 Bxd5 22. Rxd5 Nc5 23. 0-0 Rae8 24. Bf3 Re7 25. g3 Rfe8 26. Bd4 Ne6 27. Be3 1/2-1/2

[Event "EU-Cup 28th"]
[Site "Eilat"]
[Date "2012.10.11"]
[Round "1.2"]
[White "Haast, Mark"]
[Black "Byklum, Bjornar"]
[Result "1/2-1/2"]
[WhiteElo "2287"]
[BlackElo "2298"]
[PlyCount "103"]
[EventDate "2012.10.11"]
[EventType "team-swiss"]
[EventRounds "7"]
[EventCountry "ISR"]
[SourceTitle "CBM 151"]
[Source "ChessBase"]
[SourceDate "2012.11.13"]
[SourceVersion "1"]
[SourceVersionDate "2012.11.13"]
[SourceQuality "1"]
[WhiteTeam "De Stukkenjagers"]
[BlackTeam "SOSS"]
[WhiteTeamCountry "NED"]
[BlackTeamCountry "NOR"]

1. d4 d5 2. c4 e6 3. Nc3 c5 4. cxd5 exd5 5. Nf3 Nc6 6. g3 Nf6 7. Bg2 Be7 8. 0-0 0-0 9. Bg5 c4 10. Ne5 Be6 11. Nxc6 bxc6 12. b3 Rc8 13. Na4 Re8 14. Qd2 cxb3 15. Bxf6 Bxf6 16. axb3 Be7 17. Nc5 Bxc5 18. dxc5 Re7 19. b4 Rb7 20. Ra4 Qe7 21. Rfa1 h6 22. Qd3 Rcb8 23. Qa3 Bf5 24. Bf1 Qf6 25. Rc1 Be4 26. Bg2 Bxg2 27. Kxg2 Qe5 28. Qf3 Rxb4 29. Rxa7 R8b7 30. Rca1 Rb3 31. Rxb7 Rxb7 32. Ra8+ Kh7 33. h4 Re7 34. h5 Qe4 35. Rc8 Qxf3+ 36. Kxf3 Re6 37. e3 g6 38. g4 Kg7 39. Rc7 Kf6 40. hxg6 Kxg6 41. Kg3 f5 42. Rc8 fxg4 43. Kxg4 Kf6 44. Kh5 Ke5 45. Rd8 Kf5 46. Rd6 Rxd6 47. cxd6 Ke6 48. f4 Kxd6 49. Kxh6 Ke7 50. Kg7 Ke6 51. Kg6 Ke7 52. Kg7 1/2-1/2

[Event "NOR-chT 1112"]
[Site "Norway"]
[Date "2012.03.23"]
[Round "7"]
[White "Hansen, Torbjorn Ringdal"]
[Black "Byklum, Bjornar"]
[Result "1/2-1/2"]
[WhiteElo "2469"]
[BlackElo "2252"]
[PlyCount "63"]
[EventDate "2011.11.04"]
[EventType "team-tourn"]
[EventRounds "9"]
[EventCountry "NOR"]
[SourceTitle "EXT 2013"]
[Source "ChessBase"]
[SourceDate "2012.11.22"]
[SourceVersion "1"]
[SourceVersionDate "2012.11.22"]
[SourceQuality "1"]
[WhiteTeam "Oslo SK 1911"]
[BlackTeam "SOSS"]
[WhiteTeamCountry "NOR"]
[BlackTeamCountry "NOR"]

1. c4 Nf6 2. Nc3 e6 3. e4 d5 4. e5 d4 5. exf6 dxc3 6. bxc3 Qxf6 7. d4 e5 8. Nf3 exd4 9. Bg5 Qe6+ 10. Be2 Be7 11. cxd4 Bxg5 12. Nxg5 Qf6 13. Qd2 0-0 14. 0-0 Nc6 15. d5 Nd4 16. Bd3 Bf5 17. Bxf5 Nxf5 18. Qf4 Nd6 19. Qxf6 gxf6 20. Nf3 Nxc4 21. Rfc1 b5 22. a4 a6 23. Nd4 Nb6 24. axb5 axb5 25. Rab1 Nxd5 26. Nxb5 Rfb8 27. h4 Ra4 28. Rc5 Rxh4 29. Rxd5 c6 30. Rc5 Rxb5 31. Rbxb5 cxb5 32. Rxb5 1/2-1/2

[Event "Rilton Cup 41st"]
[Site "Stockholm"]
[Date "2012.01.05"]
[Round "9"]
[White "Furhoff, Johan"]
[Black "Byklum, Bjornar"]
[Result "1-0"]
[WhiteElo "2370"]
[BlackElo "2252"]
[PlyCount "80"]
[EventDate "2011.12.27"]
[EventType "swiss"]
[EventRounds "9"]
[EventCountry "SWE"]
[SourceTitle "CBM 146 Extra"]
[Source "ChessBase"]
[SourceDate "2012.02.29"]
[SourceVersion "1"]
[SourceVersionDate "2012.02.29"]
[SourceQuality "1"]

1. e4 d6 2. Nc3 Nf6 3. f4 Bg4 4. Be2 Bxe2 5. Qxe2 Nc6 6. e5 dxe5 7. fxe5 Nd5 8. Nf3 e6 9. d4 Nxc3 10. bxc3 Be7 11. Rb1 b6 12. 0-0 0-0 13. Nd2 Qd5 14. Ne4 f5 15. exf6 Bxf6 16. Nxf6+ Rxf6 17. Rxf6 gxf6 18. Bh6 Ne7 19. Qg4+ Ng6 20. Rf1 Kf7 21. Bg5 f5 22. h4 Rg8 23. c4 h5 24. cxd5 hxg4 25. c4 Nf8 26. dxe6+ Nxe6 27. Rxf5+ Ke8 28. Re5 Kd7 29. d5 Nd4 30. Kf2 Kd6 31. Re4 Nf5 32. Rxg4 Re8 33. Rf4 Ke5 34. Kf3 Nd4+ 35. Kg4 Ne2 36. Rf2 Kd4 37. Rf7 Kxc4 38. Rxc7+ Kxd5 39. Rxa7 Nd4 40. Rd7+ Ke4 1-0

[Event "Rilton Cup 41st"]
[Site "Stockholm"]
[Date "2011.12.30"]
[Round "4"]
[White "Akesson, Ralf"]
[Black "Byklum, Bjornar"]
[Result "1-0"]
[WhiteElo "2421"]
[BlackElo "2252"]
[PlyCount "65"]
[EventDate "2011.12.27"]
[EventType "swiss"]
[EventRounds "9"]
[EventCountry "SWE"]
[SourceTitle "CBM 146 Extra"]
[Source "ChessBase"]
[SourceDate "2012.02.29"]
[SourceVersion "1"]
[SourceVersionDate "2012.02.29"]
[SourceQuality "1"]

1. d4 d5 2. c4 e6 3. Nf3 c5 4. cxd5 exd5 5. g3 Nf6 6. Bg2 Nc6 7. 0-0 Be7 8. Nc3 0-0 9. Bg5 cxd4 10. Nxd4 h6 11. Be3 Re8 12. Qc2 Bg4 13. h3 Be6 14. Rad1 Rc8 15. Kh2 Bd6 16. Qa4 a6 17. Nxc6 bxc6 18. Qxa6 Bf5 19. Bd4 Ne4 20. e3 Ng5 21. Ne2 h5 22. Nf4 h4 23. Qe2 c5 24. Bxg7 Kxg7 25. Rxd5 hxg3+ 26. fxg3 Be6 27. Nxe6+ fxe6 28. Rd2 Bxg3+ 29. Kxg3 Qc7+ 30. Kf2 Rf8+ 31. Ke1 Qg3+ 32. Kd1 Nf3 33. Qf2 1-0

[Event "Rilton Cup 41st"]
[Site "Stockholm"]
[Date "2011.12.29"]
[Round "3"]
[White "Byklum, Bjornar"]
[Black "Hedstrom, Johan"]
[Result "1-0"]
[WhiteElo "2252"]
[BlackElo "2100"]
[PlyCount "71"]
[EventDate "2011.12.27"]
[EventType "swiss"]
[EventRounds "9"]
[EventCountry "SWE"]
[SourceTitle "CBM 146 Extra"]
[Source "ChessBase"]
[SourceDate "2012.02.29"]
[SourceVersion "1"]
[SourceVersionDate "2012.02.29"]
[SourceQuality "1"]

1. d4 g6 2. e4 c6 3. Nc3 d5 4. h3 dxe4 5. Nxe4 Nd7 6. Nf3 Ngf6 7. Nxf6+ Nxf6 8. Bc4 Bg7 9. 0-0 0-0 10. Re1 h6 11. Bb3 a5 12. a4 e6 13. Bf4 Nd5 14. Bg3 b5 15. c3 b4 16. c4 Ne7 17. Be5 Ba6 18. Qe2 Nf5 19. Rad1 Nh4 20. Bxg7 Kxg7 21. Ne5 Bb7 22. Ng4 h5 23. Ne5 Qf6 24. Nd7 Qg5 25. f4 Qe7 26. Nxf8 Qxf8 27. Bc2 c5 28. Qe5+ Kg8 29. d5 Re8 30. Qf6 Nxg2 31. Kxg2 exd5 32. cxd5 Bxd5+ 33. Kh2 Rxe1 34. Rxe1 Be6 35. Bxg6 Qd6 36. Bxf7+ 1-0

[Event "NOR-chT 1112"]
[Site "Norway"]
[Date "2011.11.05"]
[Round "2"]
[White "Byklum, Bjornar"]
[Black "Forsaa, Espen"]
[Result "1-0"]
[WhiteElo "2252"]
[BlackElo "2315"]
[PlyCount "81"]
[EventDate "2011.11.04"]
[EventType "team-tourn"]
[EventRounds "9"]
[EventCountry "NOR"]
[SourceTitle "EXT 2013"]
[Source "ChessBase"]
[SourceDate "2012.11.22"]
[SourceVersion "1"]
[SourceVersionDate "2012.11.22"]
[SourceQuality "1"]
[WhiteTeam "SOSS"]
[BlackTeam "Tromsoe"]
[WhiteTeamCountry "NOR"]
[BlackTeamCountry "NOR"]

1. e4 e6 2. d3 d5 3. Qe2 Nf6 4. Nf3 b6 5. e5 Nfd7 6. g3 c5 7. Bg2 Nc6 8. 0-0 Bb7 9. Re1 Be7 10. h4 h6 11. h5 Qc7 12. c4 dxc4 13. dxc4 0-0-0 14. Nc3 a6 15. Bf4 Nd4 16. Nxd4 cxd4 17. Nd5 exd5 18. cxd5 Nc5 19. b4 Bxd5 20. Bxd5 Rxd5 21. bxc5 Bxc5 22. Qxa6+ Qb7 23. Qd3 Kb8 24. Rab1 Ka7 25. a4 Re8 26. a5 Re6 27. axb6+ Bxb6 28. Ra1+ Kb8 29. Reb1 Rc5 30. Rb3 Qd5 31. Rab1 Kc7 32. Qf5 f6 33. exf6+ Kb7 34. Qxd5+ Rxd5 35. fxg7 Rd8 36. Bd2 Ka6 37. Ra3+ Kb7 38. Rab3 Ka6 39. Bb4 Rg8 40. Bf8 Rc6 41. Ra3+ 1-0

[Event "NOR-chT 1011"]
[Site "Oslo"]
[Date "2011.04.03"]
[Round "9"]
[White "Tisdall, Jonathan D"]
[Black "Byklum, Bjornar"]
[Result "1/2-1/2"]
[WhiteElo "2420"]
[BlackElo "2263"]
[PlyCount "71"]
[EventDate "2010.11.05"]
[EventType "team-tourn"]
[EventRounds "9"]
[EventCountry "NOR"]
[SourceTitle "EXT 2012"]
[Source "ChessBase"]
[SourceDate "2011.11.24"]
[SourceVersion "1"]
[SourceVersionDate "2011.11.24"]
[SourceQuality "1"]
[WhiteTeam "Asker"]
[BlackTeam "SOSS"]
[WhiteTeamCountry "NOR"]
[BlackTeamCountry "NOR"]

1. Nf3 g6 2. d4 d6 3. e4 Bg7 4. h3 Nf6 5. Nc3 0-0 6. Be3 a6 7. a4 b6 8. Bc4 e6 9. e5 dxe5 10. Nxe5 Bb7 11. 0-0 Nc6 12. Nxc6 Bxc6 13. Qe2 Qc8 14. Bf4 Qb7 15. f3 Nd5 16. Be5 Nxc3 17. bxc3 Bxe5 18. Qxe5 Bd5 19. Bd3 Qc6 20. Ra3 b5 21. Rb1 Qd6 22. Qxd6 cxd6 23. axb5 axb5 24. Rxa8 Rxa8 25. Rxb5 Rc8 26. Rb6 Rxc3 27. Rxd6 Bb3 28. Bxg6 hxg6 29. cxb3 Rxb3 30. Rd8+ Kg7 31. h4 Rd3 32. Kf2 Rd2+ 33. Kg3 Kf6 34. Rd7 Kg7 35. Kh3 Kf8 36. h5 1/2-1/2